书目信息 |
| 题名: |
怎样鉴赏邮品
|
|
| 作者: | 剑君 主编 | |
| 分册: | ||
| 出版信息: | 北京 北京燕山出版社 2006 |
|
| 页数: | 93页 | |
| 开本: | 21cm | |
| 丛书名: | 青少年文化艺术修养全书 | |
| 单 册: | ||
| 中图分类: | G894.1 | |
| 科图分类: | ||
| 主题词: | 邮票--鉴赏--世界--青年读物 | |
| 电子资源: | ||
| ISBN: | 7-5402-0799-X | |
| 000 | 00771oam2 2200241 450 | |
| 001 | 1556239736 | |
| 005 | 20150122153809.73 | |
| 010 | @a7-5402-0799-X@dCNY4.80 | |
| 100 | @a20070327d2006 em y0chiy50 ea | |
| 101 | 0 | @achi |
| 102 | @aCN@b110000 | |
| 105 | @ay z 000yy | |
| 200 | 1 | @a怎样鉴赏邮品@9zen yang jian shang you pin@f剑君主编 |
| 210 | @a北京@c北京燕山出版社@d2006 | |
| 215 | @a93页@d21cm | |
| 225 | 2 | @a青少年文化艺术修养全书@v24 |
| 330 | @a本书介绍了邮票的分类、要素等一般常识,邮票的收集、收藏方法,清代至今不同时期的邮票的特点等。 | |
| 461 | 0 | @12001 @a青少年文化艺术修养全书 |
| 606 | 0 | @a邮票@x鉴赏@y世界@j青年读物 |
| 690 | @aG894.1@v5 | |
| 701 | 0 | @a剑君@9jian jun@f(1967.12~)@4主编 |
| 801 | 0 | @aCN@bTSSF@c20150122 |
| 905 | @aZUCC@dG894.1@eJY1 | |
| 怎样鉴赏邮品/剑君主编.-北京:北京燕山出版社,2006 |
| 93页;21cm.-(青少年文化艺术修养全书;24) |
| ISBN 7-5402-0799-X:CNY4.80 |
| 本书介绍了邮票的分类、要素等一般常识,邮票的收集、收藏方法,清代至今不同时期的邮票的特点等。 |
| ● |
| 相关链接 |
|
|
|
|
正题名:怎样鉴赏邮品
索取号:G894.1/JY1
 
预约/预借
| 序号 | 登录号 | 条形码 | 馆藏地/架位号 | 状态 | 备注 |
| 1 | 7840229 | 278402293 | 学院路分馆/ [索取号:G894.1/JY1] | 在馆 | |
| 2 | 7840230 | 278402300 | 学院路分馆/ [索取号:G894.1/JY1] | 在馆 |